000 01089nam a2200301 c 4500
999 _c423830
_d423830
003 BLK
005 20210714132428.0
008 180413b bul|||||r ||||||| ||bul||
010 _aKNG00025963000
040 _aBLK
041 _aDEU
_cBUL
080 _aНемска литература
_b821.112.2
_x-31
_z821.112.2-31
100 _aГрилпарцер, Франц
_eпърви автор
_91299
139 _aГрилпарцер, Франц
245 1 0 _aСафо.
245 1 0 _aВълните на морето на любовта
_cФранц Грилпарцер, прев. Димитър Стоевски
257 _aDEU
260 _bХемус
_c1942
_9209594
_aСофия
_n954-428-
300 _a290 с.
_c18 см
380 _aX
490 _9400655
_aБиблиотека на немския науч. институт
700 _aСтоевски, Димитър
_eпрев.
_9966
_gПсевд. на Димчо Стоев Чолаков
_qЧолаков, Димчо Стоев
852 _aЦб 8.185.22438
942 _cKNG
_n0
_04
_s1
944 _aCR
_c2021-07-14
_kВ. т.
999 _d423830